00723nam a22001697a 4500003000900000008004100009040007100050082001700121100002500138245002900163260003800192300002800230505020400258650002800462650002700490650003600517AR-CdUCM190313b ||||| |||| 00| 0 spa d aMUNICIPALIDAD PROVINCIAL DEL CUSCOcBIBLIOTECA MUNICIPAL DEL CUSCO a191.6 /bF55 aFitzgerald, Hiram E. aPsicología evolutiva / aBuenos Aires :bEl ateneo,c1975. a153 páginas ;c26 cm. aContenido: Psicología evolutiva -- Teoría evolucionista -- Teoría del desarrollo cognoscitivo -- Desarrollo prenatal y nacimiento -- Crecimiento y desarrollo -- Desarrollo dela percepción ... aPsicología genética aEnseñanza programada aRelaciones entre padres e hijos